Making globalization work
Na minha lista:
| Autor principal: | |
|---|---|
| Formato: | Livro |
| Idioma: | inglês |
| Publicado em: |
New York
W.W. Norton & Company
2006
|
| Assuntos: | |
| Tags: |
Sem tags, seja o primeiro a adicionar uma tag!
|
MARC
| LEADER | 00000nam$a2200000$$$4500 | ||
|---|---|---|---|
| 001 | 0047168 | ||
| 005 | 20240306135819.9 | ||
| 020 | |a 0-393-06122-1 | ||
| 020 | |a 978-0-393-06122-2 | ||
| 041 | 0 | |a eng | |
| 044 | |a US | ||
| 245 | 1 | 0 | |a Making globalization work |c Joseph E. Stiglitz |
| 264 | 1 | |a New York |b W.W. Norton & Company |c 2006 | |
| 300 | |a 358 s. | ||
| 610 | 2 | 0 | |a globalizácia |
| 610 | 2 | 0 | |a politika medzinárodná |
| 610 | 2 | 0 | |a politika svetová |
| 610 | 2 | 0 | |a obchod |
| 610 | 2 | 0 | |a zisk |
| 610 | 2 | 0 | |a ochrana prostredia životného |
| 610 | 2 | 0 | |a korporácie transnacionálne |
| 610 | 2 | 0 | |a zadlženosť |
| 610 | 2 | 0 | |a rezervy |
| 610 | 2 | 0 | |a reformy |
| 610 | 2 | 0 | |a demokratizácia |
| 100 | 1 | |a Stiglitz, Joseph E. | |